01169nam a2200253Ia 4500003000900000008004100009040001600050080002300066111007900089245027800168260006800446300001500514490004200529650004100571650001900612650003200631700002800663700003200691700003100723710003700754942000700791999001700798952010000815IN-BaIIA211028s9999 xx 000 0 eng d cIIA Library a082.2:52bIAU-C124 aInternational Astronomical Union ColloquiumcAlabamad1989 Dec. 4-7917147 0aPaired and interacting galaxiesbproceedings of the International Astronomical Union Colloquium No.124 held at the University of Alabama at Tuscaloosa, Alabama December 4-7, 1989cedited by J. W. Sulentic, W. C. Keel and C. M. Telesco  aWashingtonbNational Aeronautics and Space Administrationc1990 axii, 775p. aNASA conference publication; no .3098 aAstronomy and Astrophysics Thesaurus agalaxies91286 aInteracting galaxies916734 aKeel, W. C., ed.917148 aSulentic, J. W., ed.916580 aTelesco, C. M., ed.917149 aInternational Astronomical Union cBK c10121d10121 00104070aBANbBANcGENd1991-02-11l0o082.2:52/ IAU-C124p11031r2021-11-05w1991-02-11yBK